000 00950nas a2200289 4500
001 BR9704281
003 BR-BrBNA
005 20231205100512.0
007 ta
008 230509b bl.|||p| |||| 00| 00por d
040 _aBR-BrBNA
_bpor
_cBiblioteca Nacional de Agricultura
041 _a(Pt)
072 _aL51
100 1 _aAraujo, L.O.D.
100 1 _aGoncalves, L.C.
100 1 _aRezende, A.S.C.
100 1 _aRodriguez, N.M.
100 1 _aMauricio, R.M.
245 1 _aDigestibilidade aparente em equideos submetidos a dieta composta de concentrado e volumoso, fornecido com diferentes intervalos de tempo
650 _aEquino
650 _aDigestibilidade Aparente
650 _aArracoamento
650 _aMateria Seca
773 0 _tArquivo Brasileiro de Medicina Veterinaria e Zootecnia (Brazil)
_xISSN 0102-0935
_g(Apr 1997), v. 49(2) p. 225-237
_wBR9704281
909 _a202311
_bLúcia
_c55
_dLúcia Elande
942 _2AGRIS
_n0
_cANA
999 _c156383
_d156383